[Event "BSenEM 2014"]
[Site "Berlin"]
[Date "2014.01.30"]
[Round "1.24"]
[White "Ahlberg, Günter"]
[Black "Kühnemann, Gunnar"]
[Result "1/2-1/2"]
[WhiteElo "1893"]
[BlackElo "1558"]
[Annotator "Jaeger,André"]
[PlyCount "94"]
[EventDate "2014.01.30"]
[WhiteTeam "SG Weißensee 49 e.V."]
[BlackTeam "Mariendorfer SV 06 e.V."]

1. e4 e6 2. d4 d5 3. Nc3 Bb4 4. e5 c5 5. Bd2 Ne7 6. dxc5 Bxc5 7. Qg4 Ng6 8. Bd3
Qh4 9. Qxh4 Nxh4 10. g3 Ng6 11. f4 Bd7 12. Nf3 Nc6 13. O-O-O O-O-O 14. h4 a6
15. h5 Nge7 16. Ng5 Be8 17. Bxh7 f6 18. exf6 gxf6 19. Nxe6 Rxh7 20. Nxc5 Rxh5
21. Ne6 Rd6 22. Ng7 Rxh1 23. Rxh1 Bf7 24. Rh8+ Rd8 25. Rxd8+ Kxd8 26. g4 Ng6
27. Ne2 Nh4 28. Bc3 Ke7 29. Ng3 Bg6 30. f5 Bf7 31. Bd2 Nf3 32. Nh1 Nce5 33. Nf2
Nh2 34. Bb4+ Kd7 35. Nh5 Nhxg4 36. Nxg4 Nxg4 37. Ng7 Ne5 38. Kd2 Kc6 39. b3 b6
40. Ke3 a5 41. Be7 Nd7 42. Ne6 Bxe6 43. fxe6 Nc5 44. Bxc5 bxc5 45. Kf4 Kd6 46.
Kf5 Ke7 47. c3 d4 1/2-1/2

[Event "BSenEM 2014"]
[Site "Berlin"]
[Date "2014.01.30"]
[Round "1.25"]
[White "Roloff, Karsten"]
[Black "Barwich, Alfred"]
[Result "0-1"]
[WhiteElo "1547"]
[BlackElo "1893"]
[Annotator "Jaeger,André"]
[PlyCount "74"]
[EventDate "2014.01.30"]
[WhiteTeam "CFC Hertha 06 e.V."]
[BlackTeam "SV Berolina Mitte e.V."]

1. d4 c5 2. d5 e5 3. dxe6 fxe6 4. Nf3 Nf6 5. Bg5 Be7 6. e3 O-O 7. Be2 Nc6 8.
O-O a6 9. a4 d5 10. c3 e5 11. h3 Be6 12. Nbd2 h6 13. Bh4 e4 14. Nh2 Nh7 15.
Bxe7 Qxe7 16. Bg4 Nf6 17. Bxe6+ Qxe6 18. b4 cxb4 19. cxb4 Nxb4 20. Qb3 a5 21.
f3 exf3 22. Nhxf3 Rae8 23. Rae1 Ne4 24. Nxe4 dxe4 25. Nd4 Qxb3 26. Nxb3 Nd3 27.
Rxf8+ Rxf8 28. Rf1 Rxf1+ 29. Kxf1 Nb2 30. Nxa5 b6 31. Nb3 Nxa4 32. Ke1 Nc5 33.
Nxc5 bxc5 34. Kd2 Kf7 35. Kc3 Ke6 36. Kc4 Kd6 37. h4 h5 0-1

[Event "BSenEM 2014"]
[Site "Berlin"]
[Date "2014.01.30"]
[Round "1.26"]
[White "Weigelt, Reinhard"]
[Black "Ollek, Karl-Heinz"]
[Result "0-1"]
[WhiteElo "1878"]
[BlackElo "1546"]
[Annotator "Jaeger,André"]
[PlyCount "56"]
[EventDate "2014.01.30"]
[WhiteTeam "SV Berolina Mitte e.V."]
[BlackTeam "SC Friesen Lichtenberg e.V."]

1. f4 d5 2. Nf3 Nf6 3. b3 g6 4. Bb2 Bg7 5. e3 O-O 6. Be2 c5 7. O-O Nc6 8. Bb5
Bd7 9. Bxc6 Bxc6 10. Ne5 d4 11. Nxc6 bxc6 12. exd4 cxd4 13. Qf3 Qd5 14. Na3
Qxf3 15. Rxf3 Ne4 16. d3 Nd6 17. Nc4 Nxc4 18. dxc4 c5 19. Re1 e6 20. Kf1 Rfe8
21. Rd3 e5 22. fxe5 Rxe5 {(=)} 23. Rxe5 Bxe5 24. g3 Re8 25. Rd1 Bf6 26. Re1 Re6
27. Rxe6 fxe6 28. Kf2 g5 {Rest unklar.} 0-1

[Event "BSenEM 2014"]
[Site "Berlin"]
[Date "2014.01.30"]
[Round "1.27"]
[White "Scholz, Werner"]
[Black "Paul, Reinhart"]
[Result "0-1"]
[WhiteElo "1538"]
[BlackElo "1873"]
[Annotator "Jaeger,André"]
[PlyCount "108"]
[EventDate "2014.01.30"]
[WhiteTeam "ESV 1949 Eberswalde e.V."]
[BlackTeam "CFC Hertha 06 e.V."]

1. d4 Nf6 2. Nf3 g6 3. c4 Bg7 4. Nc3 O-O 5. e4 d6 6. Be3 Nbd7 7. Be2 a6 8. O-O
c5 9. d5 h6 10. h3 Kh7 11. Qc2 Rb8 12. g4 Ng8 13. Kg2 Qa5 14. a4 Qc7 15. Rh1
Ndf6 16. Rag1 e5 17. Kf1 Bd7 18. g5 Nh5 19. h4 f5 20. gxh6 Bxh6 21. Ng5+ Bxg5
22. hxg5 f4 23. Bc1 f3 24. Bd1 Qc8 25. Rxh5+ gxh5 26. g6+ Kg7 27. Qd2 Bg4 28.
Qg5 Rf6 29. Ke1 Rxg6 30. Qh4 Qd8 31. Qg3 Qf6 32. Qh2 Nh6 33. Be3 Nf7 34. Nb1
Ng5 35. Nd2 Rf8 36. Bc2 Nh3 37. Rg3 Nf4 38. Nf1 Ng2+ 39. Kd2 h4 40. Rxg2 fxg2
41. Qxg2 Qf3 42. Qxf3 Bxf3 43. Nh2 Rg2 44. Nxf3 Rxf3 45. Bd1 Rf6 46. Be2 Rg1
47. f4 Rb1 48. fxe5 dxe5 49. Kc2 h3 50. d6 Re1 51. Kd2 Rxe2+ 52. Kxe2 h2 53. d7
Rd6 54. Bf4 exf4 0-1

[Event "BSenEM 2014"]
[Site "Berlin"]
[Date "2014.01.30"]
[Round "1.28"]
[White "Wolf, Manfred"]
[Black "Fiedler, Ronald"]
[Result "1/2-1/2"]
[WhiteElo "1862"]
[BlackElo "1537"]
[Annotator "Jaeger,André"]
[PlyCount "46"]
[EventDate "2014.01.30"]
[WhiteTeam "SV Berolina Mitte e.V."]
[BlackTeam "SG Wedding e.V."]

1. Nf3 Nf6 2. c4 e6 3. g3 c5 4. Bg2 Nc6 5. Nc3 d5 6. cxd5 exd5 7. d4 c4 8. O-O
Be7 9. Ne5 Be6 10. Qa4 Qa5 11. Qxa5 Nxa5 12. f4 Rd8 13. f5 Bc8 14. g4 Nc6 15.
g5 Ne4 16. Nxe4 dxe4 17. f6 gxf6 18. gxf6 Nxe5 19. fxe7 Rxd4 20. Be3 Rd7 21.
Rf5 Rxe7 22. Rxe5 Rxe5 23. Bd4 f6 1/2-1/2

[Event "BSenEM 2014"]
[Site "Berlin"]
[Date "2014.01.30"]
[Round "1.29"]
[White "Hirr, Rudi"]
[Black "Petkov, Peter"]
[Result "0-1"]
[WhiteElo "1523"]
[BlackElo "1857"]
[Annotator "Jaeger,André"]
[PlyCount "32"]
[EventDate "2014.01.30"]
[WhiteTeam "SG Grün-Weiß Baumschulenweg e.V."]
[BlackTeam "SV Bau-Union e.V."]

1. Nf3 Nf6 2. d4 g6 3. c4 d5 4. Nc3 Bg7 5. g3 O-O 6. Bg5 Ne4 7. Nxe4 dxe4 8.
Nd2 Qxd4 9. Bxe7 Re8 10. Ba3 e3 11. fxe3 Qxe3 12. Nf3 Qxf3 13. Rg1 Nc6 14. Bg2
Qe3 15. Rf1 Bg4 16. Bf3 Bxf3 0-1

[Event "BSenEM 2014"]
[Site "Berlin"]
[Date "2014.01.30"]
[Round "1.30"]
[White "Kothe, Manfred"]
[Black "Schröder, Wolfgang"]
[Result "1-0"]
[WhiteElo "1856"]
[BlackElo "1522"]
[Annotator "Jaeger,André"]
[PlyCount "97"]
[EventDate "2014.01.30"]
[WhiteTeam "SC Zugzwang 95 e.V."]
[BlackTeam "SSV Rotation Berlin e.V."]

1. e4 c5 2. Nf3 d6 3. d4 cxd4 4. Nxd4 Nf6 5. Nc3 a6 6. Bg5 e6 7. Qd2 Qb6 8.
Bxf6 gxf6 9. O-O-O Nc6 10. Nb3 Bd7 11. f4 Rc8 12. Kb1 Na5 13. Nxa5 Qxa5 14. g3
b5 15. a3 Bc6 16. Bg2 Qc7 17. Rhe1 a5 18. Nd5 Bxd5 19. exd5 e5 20. Bh3 Rb8 21.
Re4 Be7 22. Rde1 Qb6 23. Qc3 b4 24. axb4 axb4 25. Qc6+ Qxc6 26. dxc6 Kd8 27.
Rc4 Kc7 28. fxe5 fxe5 29. Bg2 f6 30. Rg4 Rhg8 31. Ree4 f5 32. Rxg8 Rxg8 33.
Rxb4 Rb8 34. Ra4 Kb6 35. Bd5 Bf6 36. g4 f4 37. Rb4+ Kc7 38. Rxb8 Kxb8 39. b4
Kc7 40. c4 h6 41. Kc2 Bg5 42. Kd3 Kb6 43. Ke4 Bh4 44. Kf5 Be1 45. Ke6 Kc7 46.
b5 Bb4 47. b6+ Kc8 48. Kf5 Bc5 49. Be6+ 1-0

[Event "BSenEM 2014"]
[Site "Berlin"]
[Date "2014.01.30"]
[Round "1.31"]
[White "Möller, Dirk"]
[Black "Willin, Bernhard"]
[Result "0-1"]
[WhiteElo "1514"]
[BlackElo "1854"]
[Annotator "Jaeger,André"]
[PlyCount "94"]
[EventDate "2014.01.30"]
[WhiteTeam "SC Kreuzberg e.V."]
[BlackTeam "SC Horben"]

1. e4 c5 2. Nf3 e6 3. d4 cxd4 4. Nxd4 a6 5. Nc3 d6 6. Be2 Nd7 7. Be3 b5 8. Qd2
Bb7 9. f3 Ngf6 10. O-O Be7 11. Nd1 Nb6 12. b3 Rc8 13. Rc1 O-O 14. Nb2 Nfd7 15.
c4 bxc4 16. Nxc4 Nxc4 17. Rxc4 Rxc4 18. Bxc4 d5 19. exd5 exd5 20. Be2 Re8 21.
Nf5 Bf8 22. Bd4 Nc5 23. Qb2 Ne6 24. Be5 Qb6+ 25. Kh1 Rd8 26. Nd4 Re8 27. Re1
Qb4 28. Nc2 Qd2 29. Bc3 Qg5 30. Nd4 Bd6 31. Bf1 Qh4 32. g3 Qg5 33. Bh3 Nc7 34.
Rxe8+ Nxe8 35. Bd2 Qf6 36. Bc3 Bf8 37. Nf5 d4 38. Nxd4 Bxf3+ 39. Bg2 Bxg2+ 40.
Kxg2 Nc7 41. Nf3 Qc6 42. Kf2 Ne6 43. Nd4 Bc5 44. Ke2 Qe4+ 45. Kd1 Qh1+ 46. Kc2
Qxh2+ 47. Bd2 Bxd4 0-1

[Event "BSenEM 2014"]
[Site "Berlin"]
[Date "2014.01.30"]
[Round "1.32"]
[White "Hoffmann, Peter"]
[Black "Sattler, Günther"]
[Result "1/2-1/2"]
[WhiteElo "1850"]
[BlackElo "1513"]
[Annotator "Jaeger,André"]
[PlyCount "136"]
[EventDate "2014.01.30"]
[WhiteTeam "BSG 1827 Eckbauer e.V."]
[BlackTeam "SV Turbine Berlin e.V."]

1. g3 e5 2. Bg2 d5 3. d3 Nf6 4. Nd2 c6 5. e4 Be6 6. Ngf3 Nbd7 7. h3 Bd6 8. Ng5
O-O 9. b3 d4 10. Nxe6 fxe6 11. O-O b5 12. Nf3 a5 13. a4 bxa4 14. Rxa4 Bb4 15.
Bd2 c5 16. Bxb4 cxb4 17. Qd2 h6 18. Rfa1 Qc7 19. Ne1 Nc5 20. R4a2 Nfd7 21. Bf3
Nb7 22. Bg4 Rf6 23. Ng2 Raf8 24. Rf1 Rc8 25. f4 Rcf8 26. Raa1 Nbc5 27. f5 Qb6
28. Nh4 exf5 29. Nxf5 Kh7 30. Ne7 Rxf1+ 31. Rxf1 Rxf1+ 32. Kxf1 g6 33. Nd5 Qb5
34. Qf2 Kg7 35. h4 Nxe4 36. Bxd7 Qxd5 37. Qg2 Qf7+ 38. Kg1 Qxd7 39. Qxe4 Qc7
40. Kf1 Kf6 41. Qf3+ Kg7 42. Qe2 Qd6 43. Qe4 g5 44. h5 Qe6 45. Ke2 Qe8 46. g4
Qe6 47. Qb7+ Kf6 48. Qe4 Ke7 49. Qb7+ Kf6 50. Qe4 Kg7 51. Qb7+ Kf8 52. Qf3+ Ke7
53. Qb7+ Kd8 54. Qe4 Kc7 55. Qh7+ Kb6 56. Qg6 Qc6 57. Kd2 Kb5 58. Kc1 Kc5 59.
Qg8 Kb5 60. Qb8+ Ka6 61. Qxe5 Qc3 62. Qe6+ Kb5 63. Kd1 Qc6 64. Qf5+ Kb6 65. Qg6
Kb5 66. Qf5+ Kb6 67. Qg6 Kb5 68. Qf5+ Kb6 1/2-1/2

[Event "BSenEM 2014"]
[Site "Berlin"]
[Date "2014.01.30"]
[Round "1.33"]
[White "Hülle, Gunter"]
[Black "Hoppensack, Manfred"]
[Result "1/2-1/2"]
[WhiteElo "1511"]
[BlackElo "1847"]
[Annotator "Jaeger,André"]
[PlyCount "58"]
[EventDate "2014.01.30"]
[WhiteTeam "SV Springer Leipzig"]
[BlackTeam "SC Friesen Lichtenberg e.V."]

1. b4 d5 2. Bb2 Qd6 3. a3 e5 4. e3 Nf6 5. d4 e4 6. c4 c6 7. cxd5 cxd5 8. Bb5+
Bd7 9. Nc3 Be7 10. Rc1 O-O 11. Nge2 a6 12. Bxd7 Nbxd7 13. Na4 b5 14. Nc5 Nb6
15. Rc3 Nc4 16. Qc2 Qb8 17. O-O a5 18. Rb1 axb4 19. axb4 Qc7 20. Bc1 Ng4 21. g3
Bd6 22. Kg2 f5 23. h3 Nf6 24. Ne6 {(=)} Qf7 25. Nxf8 Kxf8 26. Qb3 h5 27. Rc2 h4
28. Ra2 Re8 29. Rba1 {(=)} Qh5 1/2-1/2

[Event "BSenEM 2014"]
[Site "Berlin"]
[Date "2014.01.30"]
[Round "1.34"]
[White "Maetzing, Dr. Hans-Dieter"]
[Black "Freihube, Manfred"]
[Result "1-0"]
[WhiteElo "1843"]
[BlackElo "1511"]
[Annotator "Jaeger,André"]
[PlyCount "111"]
[EventDate "2014.01.30"]
[WhiteTeam "SG Narva Berlin e.V."]
[BlackTeam "SC Schwarz-Weiß Lichtenrade e.V."]

1. Nc3 d5 2. e4 d4 3. Nce2 e5 4. Ng3 Nf6 5. Nf3 Bd6 6. Bc4 O-O 7. O-O Nc6 8. a4
Na5 9. Ba2 c5 10. d3 Bd7 11. Bd2 Nc6 12. h3 Ne7 13. Bg5 Ng6 14. Nh5 Be7 15.
Bxf6 Bxf6 16. Nh2 Bg5 17. Ng3 Qc8 18. Nf3 Bh6 19. h4 Qe8 20. Nf5 Bxf5 21. exf5
Nf4 22. g3 Nh5 23. g4 Kh8 24. gxh5 f6 25. Bd5 Qxh5 26. Nh2 Qe8 27. Qf3 Rb8 28.
b3 b6 29. Ng4 Bf4 30. Qh3 Rc8 31. Be4 Rc7 32. h5 Rff7 33. f3 Qf8 34. Kf2 Qd6
35. Rh1 Qe7 36. Qf1 Qd6 37. Qe2 Qd8 38. Rag1 Qd6 39. Rg2 h6 40. Ra1 a6 41. Rgg1
Rfd7 42. Rgb1 Qf8 43. Qf1 Qf7 44. Qh3 Qe7 45. Ke2 Qd6 46. Nf2 Rf7 47. Qg4 Rfe7
48. Nh3 Be3 49. c4 Qd8 50. f4 Qd6 51. Rf1 exf4 52. Nxf4 Kh7 53. Qg6+ Kh8 54.
Qg3 Kh7 55. Rf3 Rxe4 56. dxe4 1-0

[Event "BSenEM 2014"]
[Site "Berlin"]
[Date "2014.01.30"]
[Round "1.35"]
[White "Schröder, Otto"]
[Black "Fieguth, Bernd"]
[Result "0-1"]
[WhiteElo "1500"]
[BlackElo "1842"]
[Annotator "Jaeger,André"]
[PlyCount "46"]
[EventDate "2014.01.30"]
[WhiteTeam "Betriebsschach Berlin"]
[BlackTeam "SF Friedrichshagen"]

1. e4 e5 2. Bc4 Nf6 3. d3 d5 4. exd5 Nxd5 5. Nf3 Nc6 6. O-O Be6 7. Bxd5 Qxd5 8.
Re1 f6 9. h3 O-O-O 10. Nc3 Qd7 11. a3 g5 12. Nh2 h5 13. Ne4 Be7 14. Be3 Rdg8
15. b4 b6 16. c4 Nd4 17. b5 f5 18. Nc3 g4 19. hxg4 hxg4 20. g3 Bc5 21. Bxd4
Bxd4 22. Ne2 Bxa1 23. Qxa1 Qh7 0-1

[Event "BSenEM 2014"]
[Site "Berlin"]
[Date "2014.01.30"]
[Round "1.36"]
[White "Scheide, Helmut"]
[Black "Krawatzki, Armin"]
[Result "1-0"]
[WhiteElo "1835"]
[BlackElo "1479"]
[Annotator "Jaeger,André"]
[PlyCount "49"]
[EventDate "2014.01.30"]
[WhiteTeam "USV Potsdam e.V., Abt. Schach"]
[BlackTeam "SVG Läufer Reinickendorf e.V."]

1. Nf3 e6 2. d4 Nf6 3. c4 Bb4+ 4. Nc3 O-O 5. e3 b6 6. Bd3 Bb7 7. O-O d5 8. Ne5
c5 9. Qe2 Qe7 10. Rd1 Rd8 11. a3 Bxc3 12. bxc3 Nc6 13. f4 Na5 14. cxd5 exd5 15.
Rb1 Rac8 16. Bd2 c4 17. Bf5 Rc7 18. Be1 Ne4 19. Qg4 Nf6 20. Qh4 Bc8 21. Bc2
Qxa3 22. Bxh7+ Kf8 23. g4 Qe7 24. Bg6 Nxg4 25. Qh8# 1-0

[Event "BSenEM 2014"]
[Site "Berlin"]
[Date "2014.01.30"]
[Round "1.37"]
[White "Theilig, Dr. Reinhard"]
[Black "Baranowsky, Peter"]
[Result "1/2-1/2"]
[WhiteElo "1460"]
[BlackElo "1827"]
[Annotator "Jaeger,André"]
[PlyCount "44"]
[EventDate "2014.01.30"]
[WhiteTeam "VfB Hermsdorf e.V."]
[BlackTeam "Sfrd. Berlin 1903 e.V."]

1. Nf3 d5 2. c4 Nf6 3. cxd5 Nxd5 4. g3 Nc6 5. Bg2 g6 6. O-O Bg7 7. Nc3 Nb6 8.
a3 O-O 9. d3 e5 10. Bg5 f6 11. Qb3+ Kh8 12. Bd2 Qe7 13. Rac1 Be6 14. Qd1 Rad8
15. Ne4 a5 16. Nc5 Bc8 17. Nb3 f5 18. Nxa5 Nxa5 19. Bxa5 e4 20. Bb4 Rd6 21.
Bxd6 Qxd6 22. dxe4 Qxd1 {(=)} 1/2-1/2

[Event "BSenEM 2014"]
[Site "Berlin"]
[Date "2014.01.30"]
[Round "1.38"]
[White "Hohn, August"]
[Black "Fey, Jens"]
[Result "1-0"]
[WhiteElo "1824"]
[BlackElo "1460"]
[Annotator "Jaeger,André"]
[PlyCount "109"]
[EventDate "2014.01.30"]
[WhiteTeam "SC Zugzwang 95 e.V."]
[BlackTeam "SK Tempelhof 1931 e.V."]

1. c4 e5 2. Nc3 Nf6 3. Nf3 d6 4. g3 Nc6 5. Bg2 Be7 6. d4 exd4 7. Nxd4 Bd7 8.
O-O O-O 9. b3 Rb8 10. Bb2 h6 11. Qd2 a6 12. Rac1 Qc8 13. Nd5 Bh3 14. Nxc6 Nxd5
15. Nxb8 Bxg2 16. Kxg2 Nb6 17. Nxa6 bxa6 18. Bd4 Nd7 19. Qc3 Bf6 20. Rfd1 Re8
21. Qf3 Bxd4 22. Rxd4 Ne5 23. Qd5 Nd7 24. Rd2 Nf6 25. Qc6 Ne4 26. Rdc2 Re5 27.
f4 Re7 28. Qd5 Nf6 29. Qf3 Ng4 30. Rc3 Nf6 31. Re3 Rxe3 32. Qxe3 Qa8+ 33. Qf3
Qc8 34. e4 Nd7 35. Re1 f6 36. Qg4 Qd8 37. Qe6+ Kh8 38. Qd5 Nb6 39. Qc6 Qc8 40.
c5 dxc5 41. Qxc5 Nd7 42. Qf5 Qe8 43. Rd1 Nb6 44. Rd4 Kg8 45. Qc5 Qf7 46. Qc6
Kh7 47. Qc2 g6 48. a4 Qe7 49. Qc6 a5 50. Rd3 Kg8 51. e5 Kf7 52. Qxf6+ Qxf6 53.
exf6 Kxf6 54. Rc3 Nd5 55. Rc5 1-0

[Event "BSenEM 2014"]
[Site "Berlin"]
[Date "2014.01.30"]
[Round "1.39"]
[White "Kammler, Hans-Joachim"]
[Black "Schmidt, Dietrich"]
[Result "0-1"]
[WhiteElo "1459"]
[BlackElo "1824"]
[Annotator "Jaeger,André"]
[PlyCount "62"]
[EventDate "2014.01.30"]
[WhiteTeam "ohne Verein"]
[BlackTeam "SV Empor Berlin e.V."]

1. e4 c6 2. d4 d5 3. Nc3 dxe4 4. Nxe4 Nd7 5. Nf3 Ngf6 6. Bd3 Nxe4 7. Bxe4 Nf6
8. Qd3 Bg4 9. Nd2 e6 10. O-O Bd6 11. Bf3 Bf5 12. Qc3 Rc8 13. Nc4 Bb8 14. Bg5
Qc7 15. Ne5 Ne4 16. Bxe4 Bxe4 17. Bf4 Qe7 18. Rae1 Bf5 19. Qg3 O-O 20. Re2 Rfd8
21. c3 f6 22. Rfe1 fxe5 23. Bxe5 Bxe5 24. Rxe5 Qf7 25. Qe3 Rd5 26. f4 Rxe5 27.
fxe5 Rf8 28. Rf1 Qd7 29. Rd1 Qd5 30. Re1 Qxa2 31. Re2 Qb1+ 0-1

[Event "BSenEM 2014"]
[Site "Berlin"]
[Date "2014.01.30"]
[Round "1.40"]
[White "Keusch, Horst"]
[Black "Ebert, Lothar"]
[Result "1-0"]
[WhiteElo "1819"]
[BlackElo "1440"]
[Annotator "Jaeger,André"]
[PlyCount "61"]
[EventDate "2014.01.30"]
[WhiteTeam "SC Friesen Lichtenberg e.V."]
[BlackTeam "ohne Verein"]

1. f4 d5 2. Nf3 Nf6 3. e3 Bg4 4. h3 Bxf3 5. Qxf3 e6 6. d3 Nc6 7. Nc3 Nb4 8. Qf2
Be7 9. a3 Nc6 10. Bd2 a6 11. Be2 Bc5 12. d4 Bd6 13. O-O-O Qe7 14. Kb1 b5 15. g4
b4 16. axb4 Bxb4 17. g5 Bxc3 18. gxf6 Qxf6 19. Bxc3 Qe7 20. Kc1 Kd7 21. Kd2 Nb4
22. Ra1 a5 23. Rhg1 g6 24. Ra4 Rhb8 25. Rga1 Nc6 26. Qf1 Kd8 27. Bb5 Na7 28.
Rxa5 Rxb5 29. Rxb5 c6 30. Bb4 Qd7 31. Ba5+ 1-0

[Event "BSenEM 2014"]
[Site "Berlin"]
[Date "2014.01.30"]
[Round "1.41"]
[White "Modrow, Reinert"]
[Black "Plischke, Berthold"]
[Result "1/2-1/2"]
[WhiteElo "1420"]
[BlackElo "1813"]
[Annotator "Jaeger,André"]
[PlyCount "58"]
[EventDate "2014.01.30"]
[WhiteTeam "ESV 1949 Eberswalde e.V."]
[BlackTeam "SV Wesel 1928 e.V."]

1. d4 e6 2. c4 f5 3. Nc3 Nf6 4. g3 Be7 5. Bg2 O-O 6. Bg5 c6 7. Qc2 h6 8. Bxf6
Bxf6 9. e3 Qc7 10. Nge2 d6 11. O-O e5 12. dxe5 dxe5 13. Rad1 Be6 14. b3 a5 15.
Rd2 Na6 16. Rfd1 Nc5 17. a3 b5 18. Rd6 b4 19. axb4 axb4 20. Rxc6 Qe7 21. Nd5
Qa7 22. Rxc5 Qxc5 23. Nxf6+ gxf6 24. Bxa8 Rxa8 25. Qd2 {(=)} Ra3 26. Nc1 Bf7
27. Qb2 Bh5 28. Rd5 Qa7 29. Qd2 Be8 {(=)} 1/2-1/2

[Event "BSenEM 2014"]
[Site "Berlin"]
[Date "2014.01.30"]
[Round "1.43"]
[White "Bensch, Wolfgang"]
[Black "Hoppe, Rainer"]
[Result "0-1"]
[WhiteElo "1410"]
[BlackElo "1797"]
[Annotator "Jaeger,André"]
[PlyCount "86"]
[EventDate "2014.01.30"]
[WhiteTeam "SC Eintracht Berlin e.V."]
[BlackTeam "SG Wedding e.V."]

1. e4 c5 2. c3 e6 3. d4 d5 4. e5 cxd4 5. cxd4 Nc6 6. Nf3 Bd7 7. a3 Qb6 8. Be2
Nge7 9. O-O Nf5 10. Nc3 Ncxd4 11. Nxd4 Qxd4 12. Qb3 Qxe5 13. Qxb7 Qb8 14. Qxb8+
Rxb8 15. b4 Be7 16. Bf4 Bd6 17. Bg3 O-O 18. Ba6 Nxg3 19. hxg3 Be5 20. Rac1 Rb6
21. b5 Bxc3 22. Rxc3 Bxb5 23. Bxb5 Rxb5 24. Rfc1 Rb7 25. Rc8 g6 26. R8c3 Rd8
27. Kf1 Kf8 28. f4 f6 29. Ke2 Rbd7 30. Rc6 Ke7 31. Ra6 e5 32. fxe5 fxe5 33.
Rcc6 e4 34. Ke3 Kf7 35. Rf6+ Kg7 36. g4 d4+ 37. Kd2 Re8 38. Rfd6 Ree7 39. g5
Kf7 40. Rf6+ Ke8 41. Rfd6 e3+ 42. Ke2 d3+ 43. Rxd3 Rxd3 0-1

[Event "BSenEM 2014"]
[Site "Berlin"]
[Date "2014.01.30"]
[Round "1.44"]
[White "Oppermann, Peter"]
[Black "Bauer, Stefan"]
[Result "1-0"]
[WhiteElo "1789"]
[BlackElo "1405"]
[Annotator "Jaeger,André"]
[PlyCount "65"]
[EventDate "2014.01.30"]
[WhiteTeam "SK Tempelhof 1931 e.V."]
[BlackTeam "SC Kreuzberg e.V."]

1. d4 Nf6 2. Nf3 g6 3. c4 c5 4. d5 d6 5. Nc3 a6 6. e4 Nbd7 7. Be2 Bg7 8. O-O
O-O 9. Nd2 e5 10. dxe6 fxe6 11. f4 h5 12. Nf3 Qe7 13. h3 Nh7 14. Be3 b6 15. Qd2
Ndf6 16. Rad1 Ne8 17. e5 dxe5 18. Nxe5 Bxe5 19. fxe5 Rxf1+ 20. Rxf1 Bb7 21. Qc2
Qg7 22. Bd3 Qxe5 23. Bf4 Qg7 24. Bxg6 Nf8 25. Bxh5 Nf6 26. Bf3 Bxf3 27. Rxf3
Kh8 28. Be5 N8h7 29. Ne4 Rf8 30. Qf2 Qh6 31. Nxf6 Qc1+ 32. Kh2 Qg5 33. Nd7+ 1-0

[Event "BSenEM 2014"]
[Site "Berlin"]
[Date "2014.01.30"]
[Round "1.45"]
[White "Köckeritz, Dieter"]
[Black "Mayer, Dr. Herbert"]
[Result "0-1"]
[WhiteElo "1404"]
[BlackElo "1777"]
[Annotator "Jaeger,André"]
[PlyCount "28"]
[EventDate "2014.01.30"]
[WhiteTeam "BSG 1827 Eckbauer e.V."]
[BlackTeam "SC Rochade e.V."]

1. e4 c6 2. d4 d5 3. exd5 cxd5 4. Bd3 Nf6 5. Nf3 Nc6 6. c3 Bg4 7. h3 Bh5 8. Bf4
Qb6 9. Qe2 Bxf3 10. gxf3 g6 11. Nd2 Bg7 12. Nf1 Nh5 13. Bh2 Rc8 14. Qd2 O-O {
Rest unklar. Formular D.Kockeritz fehlt.} 0-1

[Event "BSenEM 2014"]
[Site "Berlin"]
[Date "2014.01.30"]
[Round "1.46"]
[White "Hartmann, Hans"]
[Black "Klevenow, Ursula"]
[Result "1/2-1/2"]
[WhiteElo "1775"]
[BlackElo "1404"]
[Annotator "Jaeger,André"]
[PlyCount "100"]
[EventDate "2014.01.30"]
[WhiteTeam "Betriebsschach Berlin"]
[BlackTeam "SK Tempelhof 1931 e.V."]

1. d4 d5 2. c4 e6 3. Nf3 Nf6 4. e3 Be7 5. Nc3 O-O 6. Bd3 c5 7. O-O Nc6 8. a3
cxd4 9. exd4 dxc4 10. Bxc4 Bd7 11. h3 Rc8 12. Ba2 Na5 13. Qd3 Bc6 14. Ne5 Bd5
15. Nxd5 exd5 16. b4 Nc6 17. Bb2 Qb6 18. Rac1 Bd6 19. Bb1 Qd8 20. Qb5 Bxe5 21.
dxe5 Ne4 22. Rfd1 Qh4 23. Bxe4 Qxe4 24. Qxd5 Qxd5 25. Rxd5 Rfd8 {(=)} 26. Rcd1
Rxd5 27. Rxd5 Rd8 28. Rxd8+ Nxd8 29. f4 Kf8 30. Kf2 g6 31. g4 Ne6 32. Ke3 b6
33. Ke4 Ke7 34. a4 Kd7 35. Bc1 a6 36. Be3 b5 37. axb5 axb5 38. f5 Nc7 39. Kd4
Kc6 40. Ke4 Nd5 41. Bd2 Nc7 42. h4 Nd5 43. h5 gxh5 44. gxh5 Ne7 45. f6 Nd5 46.
Kf5 Kd7 47. Ke4 Ke6 48. Kd4 Nc7 49. Ke4 Nd5 50. Be1 Nc7 {(=)} 1/2-1/2

[Event "BSenEM 2014"]
[Site "Berlin"]
[Date "2014.01.30"]
[Round "1.47"]
[White "Weber, Viktor"]
[Black "Albinus, Dr. Günter"]
[Result "1/2-1/2"]
[WhiteElo "1390"]
[BlackElo "1765"]
[Annotator "Jaeger,André"]
[PlyCount "106"]
[EventDate "2014.01.30"]
[WhiteTeam "SKV Bad Freienwalde/Oder e.V."]
[BlackTeam "SG Weißensee 49 e.V."]

1. d4 Nf6 2. c4 e6 3. Nc3 d5 4. cxd5 exd5 5. a3 a5 6. Bg5 Be7 7. e3 c6 8. Nf3
h6 9. Bh4 Bf5 10. Bd3 Bxd3 11. Qxd3 a4 12. O-O O-O 13. Rfe1 Nbd7 14. Bg3 Nb6
15. Ne5 Re8 16. Qc2 Bd6 17. b4 Bxe5 18. Bxe5 Nfd7 19. Bg3 Qf6 20. h3 {(=)} Rec8
21. Nd1 c5 22. Qc3 cxd4 23. Qxd4 Qxd4 24. exd4 Rc4 25. Ne3 Rxd4 26. Nf5 Rd3 27.
Nd6 Nc4 28. Nxb7 Nxa3 29. Red1 Rxd1+ 30. Rxd1 Nb6 31. Bc7 Nac4 32. Ra1 Ra7 33.
Bxb6 Nxb6 34. Nc5 Kf8 35. Kf1 Ke7 36. Ke2 Kd6 37. Kd3 Kc6 38. Kc3 Kb5 39. Ra2
Nc4 40. Nb3 Rc7 41. Nd4+ Kb6 42. Rxa4 Ne3+ 43. Kd3 Nxg2 44. Ra5 {(=)} Nf4+ 45.
Ke3 Nxh3 46. Rxd5 Ng5 47. Nf5 Ne6 48. Ke4 Rc4+ 49. Ke3 Kc7 50. b5 h5 51. Nd6
Rc5 52. Rxc5+ Nxc5 53. Nxf7 Kb6 1/2-1/2

[Event "BSenEM 2014"]
[Site "Berlin"]
[Date "2014.01.30"]
[Round "1.48"]
[White "Hiller, Bernd"]
[Black "Hackenberg, Ronald"]
[Result "1-0"]
[WhiteElo "1762"]
[BlackElo "1388"]
[Annotator "Jaeger,André"]
[PlyCount "67"]
[EventDate "2014.01.30"]
[WhiteTeam "TSG Wittenberg"]
[BlackTeam "SC Kreuzberg e.V."]

1. e4 c5 2. f4 d5 3. exd5 Qxd5 4. Nc3 Qd6 5. d3 Nf6 6. Nf3 Nc6 7. Be2 a6 8. O-O
e6 9. Qe1 Nd4 10. Bd1 Be7 11. Ne4 Qc7 12. c3 Nf5 13. Bc2 Nd5 14. Ne5 O-O 15.
Ng3 Bh4 16. Bd2 b5 17. Nf3 Nxg3 18. hxg3 Bf6 19. Ne5 Bb7 20. Qe2 Nb6 21. Rae1
Rad8 22. Qh5 g6 23. Qh3 Bg7 24. Kh2 Bd5 25. Rh1 f5 26. b3 Bxe5 27. fxe5 Rf7 28.
Bg5 Rdd7 29. Bf6 h5 30. Qh4 Bb7 31. Qg5 Kh7 32. Kg1 Nd5 33. Rxh5+ gxh5 34.
Qxh5+ 1-0

[Event "BSenEM 2014"]
[Site "Berlin"]
[Date "2014.01.30"]
[Round "1.49"]
[White "Gnaß, Erhard"]
[Black "Schräpel, Manfred"]
[Result "0-1"]
[WhiteElo "1377"]
[BlackElo "1757"]
[Annotator "Jaeger,André"]
[PlyCount "98"]
[EventDate "2014.01.30"]
[WhiteTeam "SK Zehlendorf e.V."]
[BlackTeam "BSV 63 Chemie Weißensee"]

1. Nf3 d5 2. g3 c6 3. Bg2 Bf5 4. O-O Nf6 5. d4 h6 6. c3 Nbd7 7. Re1 e6 8. Nbd2
a5 9. Ne5 Be7 10. Ndf3 O-O 11. Nxd7 Nxd7 12. Ne5 Nf6 13. a4 Qb6 14. b3 Rfd8 15.
Ba3 Bxa3 16. Rxa3 c5 17. e3 cxd4 18. Qxd4 Qd6 19. Raa1 Rac8 20. f3 Qc7 21. g4
Bc2 22. b4 Qxc3 23. Qxc3 Rxc3 24. bxa5 Ra8 25. Bf1 Rxa5 26. Bb5 Ra8 27. h4 g5
28. hxg5 hxg5 29. Kg2 Rac8 30. Re2 Bh7 31. Rd1 Ra3 32. Rd4 Kg7 33. Kf2 Rb3 34.
Rdd2 Rcc3 35. Rb2 Rxb2 36. Rxb2 Rc7 37. Rd2 Kf8 38. Rb2 Ke7 39. f4 Ne4+ 40. Kf3
gxf4 41. Kxf4 f6 42. Nd3 Kd6 43. Kf3 e5 44. Rh2 Nc3 45. Nf2 Kc5 46. Rh6 Nxb5
47. axb5 Rf7 48. Rh1 Kxb5 49. Nd1 Be4+ 0-1